000 03311cam a2200433 4500
001 rc 01000182
003 DLC
005 20260227111859.0
008 730201s1848 dcubf 000 0 eng
010 _arc 01000182
040 _aDLC
_cDLC
_dDLC
050 0 0 _aF786
_b.U571
110 1 _aUnited States.
_bArmy.
_bCorps of Topographical Engineers.
245 1 0 _aNotes of a military reconnoissance, from Fort Leavenworth, in Missouri, to San Diego, in California, including part of the Arkansas, Del Norte, and Gila rivers.
_cBy Lieut. Col. W.H. Emory. made in 1846-7, with the advanced guard of the "Army of the "West" ...
246 3 _aNotes of a military reconnaissance
246 1 7 _aEx. Doc. No. 41.
260 _aWashington,
_bWendell and Van Benthuysen,
_c1848.
300 _a614 p.
_bill., facsims., plates, [2] folded maps.
_c23 cm.
490 1 _aThirtieth Congress, First Session. Ex. Doc. ;
_vno. 41
500 _a"February 9, 1848: Ordered to be printed. February 17, 1848: Ordered that 10,000 extra copies of each of the Reports of Lieutenant Emory, Captain Cooke, and Lieutenant Abert be printed for the use of the House; and that of said number, 250 copies be furnished for the use of Lieutenant Emory, Captain Cooke, and Lieutenant Abert, respectively."
500 _aPublished also, without the reports of J.W. Abert and P.St.G. Cooke, and the journal of A.R. Johnston, as Senate Ex. doc. 7, 30th Cong., 1st sess.
500 _aWagner-Camp describes illustrations as "64 plates, 3 plans, and 2 small maps."
500 _aPage 454 incorrectly numbered 754.
510 4 _aWagner-Camp,
_citem 148 (House of Representatives ed.)
500 _a"Report of Lieut. J.W. Abert, of his examination of New Mexico, in the years 1846-'47 [including Notes on the minerals and fossils ... by J.W. Bailey]": p. [417]-548.
500 _a"Report of Lieut. Col. P. St. George Cooke of his march from Santa Fé, New Mexico, to San Diego, Upper California": p. [549-563]. Preceded by: Map of the Territory of New Mexico made by order of Brig. Gen. S.W. Kearny, under instructions from Lieut. W.H. Emory, U.S.T.E. by Lieut's J.W. Abert and W.G. Peck ... 1846-7 (68 cm.).
500 _a"Journal of Captain A.R. Johnston, First dragoons": p. [565]-614. Preceded by: Sketch of part of the march & wagon road of Lt. Colonel Cooke, from Santa Fe to the Pacific Ocean, 1846-7 (32 x 61 cm.).
500 _aLC Copy 1 lacks folded maps.
_5DLC
500 _aLC Copy 3 bound in contemporary brown cloth with ribbed embossing and spine title on paper label.
_5DLC
500 _aLC Copy 4 has book label and stamp of the Department of State Library.
_5DLC
500 _aLC Copy 5 bound in contemporary brown cloth embossed with diamond pattern. All after p. 416 (additional reports of Abert, Cooke and Johnston) wanting. Folded maps and 32 plates wanting.
_5DLC
651 0 _aSouthwest, New
_xDescription and travel.
651 0 _aUnited States
_xDiscovery and exploration.
700 1 _aEmory, William H.
_q(William Hemsley),
_d1811-1887.
700 1 _aAbert, J. W.
_q(James William),
_d1820-1897.
700 1 _aCooke, Philip St. George,
_d1809-1895.
700 1 _aJohnston, A. R.
_q(Abraham Robinson),
_d1815?-1846.
830 0 _aEx. doc. (United States. Congress. House)
_v30th Congress, 1st session, no. 41.
999 _c51745
_d51745